| 000 | 00433nam a2200157 i 4500 | ||
|---|---|---|---|
| 001 | 81178 | ||
| 003 | ES-MaACL | ||
| 005 | 20230906174402.0 | ||
| 007 | t| | ||
| 008 | 041103s1971 xxu ||||1| spa d | ||
| 245 | 0 | 0 |
_aHomenaje a Carlos Fuentes / _cHelmy F. Giacoman. |
| 260 |
_a[New York] : _bLas Americas, _c[1971] |
||
| 300 |
_a494 p. ; _c22 cm. |
||
| 700 | 1 |
_aGiacoman, Helmy Fuad. _956594 |
|
| 852 |
_aES-MaACL _jC-40936 _bR.80534 |
||
| 999 |
_c81178 _d81178 |
||